Normal view
MARC view
- مورتنس،دونالد.ج ، شمولر،ألن.م ، لجنة التعريب والترجمة/اعداد وترجمة
Entry Personal Name
001 - CONTROL NUMBER
- control field: 22806
003 - CONTROL NUMBER IDENTIFIER
- control field: JO-AjAnu
005 - DATE AND TIME OF LATEST TRANSACTION
- control field: 20230606073930.0
008 - FIXED-LENGTH DATA ELEMENTS
- fixed length control field: 230606|| aca||aabn | a|a d
040 ## - CATALOGING SOURCE
- Original cataloging agency: JO-AjAnu
- Transcribing agency: JO-AjAnu
100 ## - HEADING--PERSONAL NAME
- Personal name: مورتنس،دونالد.ج ، شمولر،ألن.م ، لجنة التعريب والترجمة/اعداد وترجمة
670 ## - SOURCE DATA FOUND
- Source citation: Work cat.: (JO-AjAnu)11722: مورتنس،دونالد.ج ، شمولر،ألن.م ، لجنة التعريب والترجمة/اعداد وترجمة, author, الشخصية:نموها وطرق توجيهها في المدرسة